Представление документа в формате RUSMARC

ПолеНазваниеЗначение
  Тип записи i
  Библиографический уровень m
001 Контрольный номер RU/IS/BASE/318343612
005 Дата корректировки 20201206204713.8
010 Индекс ISBN __
d Цена 166-00
101 Язык документа __
a Язык текста fre
c Язык оригинала fre
200 Заглавие и сведения об ответственности 1_
a Заглавие Le petit prince
e Сведения, относящиеся к заглавию [аудиокнига]
f Первые сведения об ответственности Antoine de Saint-Exupery ; Lecture par Clotilde Tonnerre ; [звукорежисср и корректор Алеся Кузьмина ; вып. ред. Наталья Лазарева]
b Общее обозначение материала Звукозапись
200 Заглавие и сведения об ответственности __
d Параллельное заглавие Маленький принц
210 Выходные данные __
a Место издания М.
c Издательство Ардис
d Дата издания 2008
215 Физическое описание __
a Объем 1 электрон. опт. диск (Audio CD) (1 ч. 54 мин.)
225 Серия __
a Серия Литература на иностранных языках
300 Общие примечания __
a Общие примечания AudioCD ; ьз3 ж 192 Kbps ' 44.1 kHz ; mono
a Общие примечания Текст на фр. яз.
a Общие примечания Текст прочитан по изд. Сент-Экзюпери, А. де. Избранное / А. Сент-Экзюпери. - М. : Прогресс
a Общие примечания На фр. яз.
323 Примечание о главных создателях, исполнителях, участниках __
a Примечание о главных создателях, исполнителях, участниках Tonnerre, C. (Lecture par)
330 Аннотация __
a Аннотация Маленький принц проведет Вас космическими тропами своего путешествия. Познакомит со своей планетой, с любимой розой, с королем, честолюбцем и многими другими. Наконец, расскажет, как иска людей на планете Земля и приручил мудрого Лиса.
333 Примечание о целевом назначении __
a Примечание о целевом назначении 12+. Для детей старше 12 лет
606 Тематические рубрики __
a Основная рубрика Художественная литература
606 Тематические рубрики __
a Основная рубрика Литература Европы (произведения)
z Хронологическая подрубрика 20 в.
y Географическая подрубрика Франция
610 Ключевые слова __
a Ключевые слова сказки; литературные сказки; авторские сказки; Маленький принц; литературные герои; литературные персонажи; тема любви; тема дружбы; тема ответственности; тема взаимоотношений; французская литература; детская литература; детская классическая литература; французский язык
686 Индексы других классификаций __
a Классификационный индекс 84(4Фра)-4я04; мл84я04
700 Автор _1
a Фамилия Saint-Exupery
b Имя A. de
f Даты 1900-1944
g Полное личное имя Antoine
4 Код отношения 070
702 Вторичная интеллектуальная ответственность _1
a Фамилия Кузьмина
b Имя А.
4 Код отношения Звукорежиссер
702 Вторичная интеллектуальная ответственность _1
a Фамилия Лазарева
b Имя Н.
4 Код отношения Выпускающий редактор
801 Источник записи _0
a Страна RU
b Организация Муниципальное бюджетное учреждение культуры "Централизованная библиотечная система" г. Сургут (Центральная городская библиотека им. А. С. Пушкина)
g Правила каталогизации КиК/Поспелова
801 Источник записи _1
a Страна RU
b Организация Муниципальное бюджетное учреждение культуры "Централизованная библиотечная система" г. Сургут (Центральная городская библиотека им. А. С. Пушкина)
g Правила каталогизации КиК/Поспелова
852 Данные о местонахождении __
j Шифр хранения 84(4Фра)-4я04
c Каталожный индекс 84(4Фра)-4я04
i Авторский знак S 16
901 Тип документа __
t Тип документа 0
903 Характеристики (МАРС) __
a Дата передачи 20100209
969 Тип издания __
a Тип издания аудиокнига
990 Данные о заказе (DOS) __
j Количество экземпляров (DOS) 2
h N записи в КСУ для Б/У (DOS) 201002